Statistics for Every 2024 F1 Driver Teams

Click here to take the quiz!

General Stats

  • This quiz has been taken 13 times
  • The average score is 49 of 66

Answer Stats

DriverYearsTeam% Correct
2020, 2022 - 2024Mercedes
100%
2016 - 2024Red Bull
100%
George Russell2019 - 2021Williams
100%
Oliver Bearman2024Ferrari
90%
2021 - 2024Ferrari
90%
2019 - 2024Ferrari
90%
2019 - 2020McLaren
90%
2021 - 2022McLaren
90%
Oscar Piastri2023 - 2024McLaren
90%
Lewis Hamilton2007 - 2012McLaren
90%
Lando Norris2019 - 2024McLaren
90%
2013 - 2024Mercedes
90%
2017 - 2021Mercedes
90%
2024RB
90%
2024RB
90%
2021 - 2024Red Bull
90%
2014 - 2018Red Bull
90%
2019 - 2020Renault
90%
Max Verstappen2014 - 2016Toro Rosso
90%
2022 - 2024Williams
90%
Logan Sargeant2023 - 2024Williams
90%
Charles Leclerc2018Alfa Romeo
80%
2022 - 2023Alfa Romeo
80%
Yuki Tsunoda2021 - 2023Alpha Tauri
80%
2020 - 2022Alpha Tauri
80%
2023Alpha Tauri
80%
2021 - 2024Alpine
80%
2023 - 2024Alpine
80%
2021 - 2024Aston Martin
80%
2010 - 2014Ferrari
80%
2014 - 2018Force India
80%
2007, 2015 - 2018McLaren
80%
2019 - 2020Racing Point
80%
2019 - 2020Racing Point
80%
2019 - 2020Red Bull
80%
2017 - 2018Renault
80%
Pierre Gasly2017 - 2019Toro Rosso
80%
Alexander Albon2019Toro Rosso
80%
Valtteri Bottas2013 - 2016Williams
80%
Zhou Guanyu2022 - 2023Alfa Romeo
70%
2021 - 2022Alpine
70%
2023 - 2024Aston Martin
70%
2017 - 2020, 2022 - 2024Haas
70%
2023 - 2024Haas
70%
2013McLaren
70%
2019Red Bull
70%
2003 - 2006, 2008 - 2009Renault
70%
2020Renault
70%
2012 - 2013Toro Rosso
70%
Carlos Sainz Jr.2015 - 2017Toro Rosso
70%
Lance Stroll2017 - 2018Williams
70%
2022Aston Martin
60%
Daniel Ricciardo2011HRT
60%
Kevin Magnussen2014McLaren
60%
2017 - 2019Renault
60%
2024Sauber
60%
2024Sauber
60%
2017 - 2018Force India
50%
2011 - 2012, 2014 - 2016Force India
40%
Esteban Ocon2016Manor
40%
Fernando Alonso2001Minardi
40%
2020Racing Point
40%
2016Renault
40%
Nico Hülkenberg2010Williams
40%
Sergio Pérez2011 - 2012Sauber
30%
2013Sauber
20%

Score Distribution

Percentile by Number Answered

Percent of People with Each Score

Your Score History

You have not taken this quiz